Estudio de pre factibilidad para formulación de un proyecto de sistema de agua potable por bombeo eléctrico en la comarca El coyol del Municipio de San José De los Remates

El presente documento contiene las bases del estudio de pre factibilidad para la formulación de un proyecto de sistema de agua por bombeo eléctrico en la comarca El Coyol planteado para el proyecto de mejorar el acceso al agua potable de los habitantes de la comarca.

Bibliographic Details
Main Authors: Burgos Bustamante, Darwin José, Huete Solórzano, Yeris Mercedes
Other Authors: Tutor: Varela Fonseca, Wilfredo
Format: Tesis Section = Libro
Language:Undetermined
Spanish
Published: Managua, Nicaragua UNI 2016
Subjects:
LEADER 01221nam a2200265Ia 4500
008 240830s9999 xx 000 0 und d
040 |a BIBLIOTECA-RUSB/ M.Mon 628.72 B957 
041 |a spa 
082 |a M.Mon 628.72 B957 
100 1 |a Burgos Bustamante, Darwin José 
100 1 |b Huete Solórzano, Yeris Mercedes 
245 1 0 |a Estudio de pre factibilidad para formulación de un proyecto de sistema de agua potable por bombeo eléctrico en la comarca El coyol del Municipio de San José De los Remates 
260 |a Managua, Nicaragua  |b UNI  |c 2016 
300 |a 112 p. :il. 
500 |a Contiene: anexos 
502 |a Tesis (Master en Gerencia de Proyectos de Desarrollo.) - UNI, 2016. 
520 3 |a El presente documento contiene las bases del estudio de pre factibilidad para la formulación de un proyecto de sistema de agua por bombeo eléctrico en la comarca El Coyol planteado para el proyecto de mejorar el acceso al agua potable de los habitantes de la comarca. 
650 7 |a SISTEMA DE AGUA POTABLE 
650 7 |b  ESTUDIO DE PREFACTIBILIDAD 
650 7 |c  AGUA POTABLE 
650 7 |d  BOMBEO ELECTRICO 
700 1 |a Tutor:  |b Varela Fonseca, Wilfredo 
942 |c BK  |2 ddc 
991 |a TESIS 
999 |c 19323